000
00287nam a2200121Ia 4500
005
20251222153618.0
008
251222s9999||||xx |||||||||||||| ||spa||
082
_a
338.272.809.85/W55
100
_a
Wiener F., Raúl A.
245
0
_a
La Ventana Sucia:
250
_a
1ra. ed.
942
_c
LIB
999
_c
31868
_d
31868